000 00764nam a22002297a 4500
003 UA-OsUOA
001 53144
007 ta
008 20150921b un ||||| |||| 00| 0 ukr d
090 _a82-2
_bУ45
942 _cBK
040 _aUA-OsUOA
_bukr
_cUA-OsUOA
_dUA-OsUOA
245 _aУкраїнська драматургія другої половини ХІХ - початку ХХ століття. Маловідомі п'єси
300 _a416 с.
955 _a3
041 _aukr
080 _a82-2
260 _aК.
_bДніпро
_c1990
650 7 _a82 Література. Літературознавство
_2UDC
999 _c433274
_d433274